| 000 | 00663nam a22001935i 4500 | ||
|---|---|---|---|
| 001 | 48742 | ||
| 003 | ES-MaACL | ||
| 005 | 20230906161817.0 | ||
| 007 | t| | ||
| 008 | 950728s1858 fr ||||1| fre d | ||
| 080 | _a821.111-31"18" | ||
| 100 | 1 |
_aDickens, Charles. _944489 |
|
| 245 | 1 | 0 |
_aBleak house / _cpar Ch. Dickens ; roman anglais traduit [par H. Loreau] avec l'autorisation de l'auteur sous la direction de P. Lorain. |
| 260 |
_aParis : _bL. Hachette et Cie, _c1858 ( _fCh. Lahure et Cie) |
||
| 300 |
_a1 v. ( 404, 383 p.) ; _c18 cm. |
||
| 700 | 1 |
_aLoreau, Henriette. _974086 |
|
| 700 | 1 |
_aLorain, Paul ( _d1799-1861) _974061 |
|
| 852 | 4 |
_aES-MaACL _jF-11051 |
|
| 999 |
_c48742 _d48742 |
||